Unemployment in socialist countries : Soviet Union, East Europe, China and Cuba / by Carmelo Mesa-Lago.

Uloženo v:
Podrobná bibliografie
Hlavní autor: Mesa-Lago, Carmelo, 1934-
Médium: Diplomová práce Kniha
Jazyk:English
Vydáno: 1968.
Témata:
LEADER 01096nam a2200277Ia 4500
001 c000187318
003 CARM
005 20050428191848.0
008 751006s19741968miu b 000 0deng d
019 1 |a 26982395  |5 LACONCORD2021 
035 |a (OCoLC)1680293  |5 LACONCORD2021 
040 |a FUG  |b eng  |c FUG  |d CUV  |d VU 
043 |a e-ur--- 
100 1 |a Mesa-Lago, Carmelo,  |d 1934- 
245 1 0 |a Unemployment in socialist countries :  |b Soviet Union, East Europe, China and Cuba / by Carmelo Mesa-Lago. 
260 |c 1968. 
300 |a xvi, 569 leaves ;  |c 29 cm. 
500 |a Vita. 
502 |a Thesis (Ph. D.)--Cornell University, 1968. 
504 |a Bibliography: leaves 537-569. 
533 |a Photocopy.  |b Ann Arbor, Mich. :  |c Xerox University Microfilms,  |d 1974.  |e 21 cm. 
650 0 |a Unemployment  |z Soviet Union. 
650 0 |a Unemployment  |z Communist countries. 
852 8 |b CARM  |h A2:AK30B0  |i B05534  |p 0250788  |f BK 
999 f f |i 68b1b47d-4ec4-536c-a836-9abc0516402d  |s 41206c79-b8b5-5635-b728-cc18739b3283 
952 f f |p Can circulate  |a CAVAL  |b CAVAL  |c CAVAL  |d CARM 1 Store  |e B05534  |f A2:AK30B0  |h Other scheme  |i book  |m 0250788